000 00612cam a22002173a 4500
001 41881
003 PGUSA
005 20140828083938.0
008 130120s2013||||xxu|||||s|||||000 | eng d
040 _aPGUSA
_beng
042 _adc
100 1 _aDumas, Alexandre,
_d1802-1870
245 1 4 _aThe Corsican Brothers
_h[electronic resource] /
_cAlexandre Dumas
260 _bProject Gutenberg,
_c2013
506 _aPublic domain in the USA.
516 _aElectronic text
700 1 _aFrith, Henry,
_d1840-
830 0 _aProject Gutenberg
_v41881
856 4 0 _uhttp://www.gutenberg.org/ebooks/41881
942 _cEB
999 _c271133
_d271133